=LDR 00000nam 2200000 4500 =001 $a INLIS000000000008540 =005 $a 20260629125016 =008 $a 260629################g##########0#ind## =022 ##$$a 978-979-075-379-2 =035 ##$$a 0010-0626000167 =082 ##$$a 611.2 =084 ##$$a 611.2 FRA p =100 1#$$a Francis, Caia =245 ##$$a Perawatan Respirasi $b - $c Caia Francis =246 ##$$a =260 ##$$a Jakarta $b Erlangga $c 2011 =300 ##$$a viii+256 hlm. $b $c 19 cm. $d =336 ##$$a =337 ##$$a =338 ##$$a =520 #$$a =650 #$$a Respirasi =700 #$$a =740 ##$$a Respiratory Care =856 ##$$a =Wor $a 1